| 000 | 00627nam a2200205 u 4500 | ||
|---|---|---|---|
| 005 | 20240228063738.0 | ||
| 008 | 110923s2007 r 000 0 eng d | ||
| 020 | _a9788426351883 | ||
| 035 | _aUPN01000181910 | ||
| 049 | _aI | ||
| 050 | 4 |
_aPZ74.3 _bR6.3 |
|
| 100 | 1 |
_aRomero Yebra, Ana María, _d1945- _937723 |
|
| 245 | 1 | 0 |
_aHormiguita negra / _cAna María Romero Yebra ; il. Arcadio Lobato. |
| 260 |
_aZaragoza, Esp. : _bEdelvives, _c2007. |
||
| 300 |
_a38 p. : _bil. col. |
||
| 440 | 0 |
_aAla Delta. _pRoja ; _v29 |
|
| 650 | 4 |
_aRimas infantiles _910247 |
|
| 650 | 4 |
_aLiteratura infantil española _95892 |
|
| 905 | _aInfantil | ||
| 999 |
_c154013 _d154013 |
||